| 000 | 00502nam a2200121Ia 4500 | ||
|---|---|---|---|
| 008 | 220615s9999||||xx |||||||||||||| ||und|| | ||
| 100 | _aHajj, Nadya | ||
| 245 | 0 |
_aNetworked Refugees _bPalestinian Reciprocity and Remittances in the Digital Age (Edition 1) |
|
| 546 | _aEnglish[eng] | ||
| 650 | _aSocial Science||Refugees||Social Science||Regional Studies||Technology & Engineering||Social Aspects | ||
| 856 | _uhttps://library.oapen.org/bitstream/20.500.12657/50287/1/external_content.pdf | ||
| 942 | _cEB | ||
| 999 |
_c16423 _d16423 |
||